| 000 | 03277cam a22011894i 4500 | ||
|---|---|---|---|
| 003 | PE-LiUPU | ||
| 005 | 20250813185719.0 | ||
| 008 | 170612s2014 ck a r 000 0 spa d | ||
| 020 | _a9972930009 | ||
| 035 | _a(Sirsi) a204355 | ||
| 040 |
_aPE-LiUPU _bspa _cPE-LiUPU _erda |
||
| 082 | 0 | 4 |
_a303.483 _bC117s _223 |
| 100 |
_aCabrera, Edgar A., _eautor. _95176 |
||
| 245 | 1 | 0 |
_aSistema de indicadores : _bEl estándar de Ciencia y Tecnología y el Nuevo Paradigma o El Doble Estándar / _cEdgar A. Cabrera. |
| 264 | 1 |
_aLima : _bCICYT, OEA, _c 2001. |
|
| 300 |
_a499 páginas : _bilustraciones ; _c29 centímetros. |
||
| 336 |
_atext _2rdacontent |
||
| 337 |
_aunmediated _2rdamedia |
||
| 338 |
_avolume _2rdacarrier |
||
| 504 | _aReferencias bibliográficas : páginas 489-490. | ||
| 505 | 0 | _aIntroducción a los Indicadores -- El proyecto -- proyecto indicadores: Procesos -- Indicadores en las actividades de Ciencia y Tecnología -- Un muestreo de la realidad nacional -- La propuesta del Nuevo paradigma: El doble estándar o los indicadores modernos -- Nuevo paradigma OSP y su validación -- Introducción a proyectos de desarrollo nacional -- Modelística aspiracional y proyectos de investigación -- Los procesos y el OSP -- Conclusiones y recomendaciones. | |
| 526 | _aP202 | ||
| 526 | _aP201 | ||
| 526 | _aP163 | ||
| 526 | _aP162 | ||
| 526 | _aP161 | ||
| 526 | _aP160 | ||
| 526 | _aP148 | ||
| 526 | _aP147 | ||
| 526 | _aP146 | ||
| 526 | _aP145 | ||
| 526 | _aP144 | ||
| 526 | _aP143 | ||
| 526 | _aP142 | ||
| 526 | _aP141 | ||
| 526 | _aP140 | ||
| 526 | _aP139 | ||
| 526 | _aP138 | ||
| 526 | _aP137 | ||
| 526 | _aP136 | ||
| 526 | _aP135 | ||
| 526 | _aP134 | ||
| 526 | _aP133 | ||
| 526 | _aP129 | ||
| 526 | _aP128 | ||
| 526 | _aP127 | ||
| 526 | _aP120 | ||
| 526 | _aP119 | ||
| 526 | _aP118 | ||
| 526 | _aP116 | ||
| 526 | _aP115 | ||
| 526 | _aP114 | ||
| 526 | _aP110 | ||
| 526 | _aP109 | ||
| 526 | _aP108 | ||
| 526 | _aP104 | ||
| 526 | _aP103 | ||
| 526 | _aP102 | ||
| 526 | _aP99 | ||
| 526 | _aP98 | ||
| 526 | _aP97 | ||
| 526 | _aP96 | ||
| 526 | _aP95 | ||
| 526 | _aP93 | ||
| 526 | _aP90 | ||
| 526 | _aP89 | ||
| 526 | _aP88 | ||
| 526 | _aP83 | ||
| 526 | _aP82 | ||
| 526 | _aP62 | ||
| 526 | _aP59 | ||
| 526 | _aP58 | ||
| 526 | _aP57 | ||
| 526 | _aP51 | ||
| 526 | _aP49 | ||
| 526 | _aP48 | ||
| 526 | _aP47 | ||
| 526 | _aP29 | ||
| 526 | _aP24 | ||
| 526 | _aP20 | ||
| 526 | _aP19 | ||
| 526 | _aP17 | ||
| 526 | _aP15 | ||
| 526 | _aP14 | ||
| 526 | _aP12 | ||
| 526 | _aP10 | ||
| 526 | _aP09 | ||
| 526 | _aP08 | ||
| 526 | _aP07 | ||
| 526 | _aP06 | ||
| 526 | _aP05 | ||
| 526 | _aP04 | ||
| 526 | _aP01 | ||
| 650 | 1 | 4 |
_aIndicadores sociales. _95177 |
| 650 | 2 | 4 |
_aIndicadores científicos y tecnológicos. _95178 |
| 650 | 2 | 4 |
_aCiencia y tecnología _xEvaluación. _95179 |
| 650 | 2 | 4 |
_aOrganizaciones _xEvaluación del desempeño. _95180 |
| 650 | 2 | 4 |
_aInnovaciones tecnológicas. _94056 |
| 942 |
_2ddc _cBK |
||
| 999 |
_c62890 _d62889 |
||
| 980 |
_618226 _aJaime Vilcazán Jefe de Análisis Documental _81 _gALBERTO SANCHEZ Responsable de Automatización |
||